| 000 | 00000nam##2200000za#4500 |
| 001 | 9.661919 |
| 003 | CaOODSP |
| 005 | 20250319164518 |
| 007 | ta |
| 008 | 150407|2000||||xxc||||| f|0| 0 eng|d |
| 020 | |a0-662-65027-1 |
| 040 | |aCaOODSP|beng |
| 041 | |aeng |
| 041 | |afre |
| 043 | |an-cn--- |
| 086 | 1 |aSW21-51/2000 |
| 110 | 1 |aCanada.|bStatus of Women Canada. |bPolicy Research. |
| 245 | 10|aReducing poverty among older women : |bthe potential of retirement incomes policies / |cby Monica Townson. |
| 260 | |aOttawa - Ontario : |bStatus of Women Canada. |c2000. |
| 300 | |aEnglish text, viii, 91p. : |btables ; |c28 cm. |
| 500 | |anull |
| 504 | |aBibliography. |
| 563 | |aSoftcover |
| 590 | |a00-36|b2000-09-08 |
| 690 | 07|aSeniors|2gcpds |
| 690 | 07|aPoverty|2gcpds |
| 690 | 07|aPensions|2gcpds |
| 690 | 07|aSocial policy|2gcpds |
| 690 | 07|aWomen|2gcpds |
| 720 | 1 |aTownson, Monica |
| 776 | 0#|tRéduire la pauvreté parmi les femmes âgées : |w(CaOODSP)9.632919 |
| 776 | 0#|tReducing poverty among older women : |w(CaOODSP)9.688494 |
| 792 | |tRéduire la pauvreté parmi les femmes âgées : |efre|w(CaOODSP)9.661920 |